[Event "Catalunya-chT Gp2"]
[Site "Barcelona"]
[Date "2022.02.12"]
[Round "4.6"]
[White "Bruned Segura, Mario"]
[Black "Pijuan Herranz, Manuel"]
[Result "0-1"]
[WhiteElo "2084"]
[BlackElo "2218"]
[PlyCount "104"]
[EventDate "2022.01.22"]
[EventType "team-tourn"]
[EventRounds "9"]
[EventCountry "ESP"]
[SourceTitle "CBM 208 Extra"]
[Source "ChessBase"]
[SourceDate "2022.07.31"]
[SourceVersion "1"]
[SourceVersionDate "2022.07.31"]
[SourceQuality "1"]
[WhiteTeam "Lleida"]
[BlackTeam "Figueres"]
[WhiteTeamCountry "ESP"]
[BlackTeamCountry "ESP"]

1. e4 e5 2. Nf3 Nc6 3. Bb5 Bc5 4. Nxe5 Qg5 5. Bxc6 dxc6 6. d4 Qxg2 7. Qf3 Qxf3 8. Nxf3 Bb6 9. a4 a5 10. Be3 Nf6 11. Nbd2 Bg4 12. Ne5 Bh5 13. Nec4 0-0 14. Nxb6 cxb6 15. f3 Rfe8 16. 0-0 Nd5 17. exd5 Rxe3 18. Kf2 Rae8 19. Rfe1 Rxe1 20. Rxe1 Rxe1 21. Kxe1 cxd5 22. c4 Kf8 23. Ke2 Ke7 24. c5 Kd7 25. cxb6 Kc6 26. Nf1 f6 27. Ne3 Bf7 28. f4 Kxb6 29. Kd3 Kc6 30. Kc3 b5 31. b4 bxa4 32. bxa5 Kb5 33. a6 Kxa6 34. Kb4 Kb6 35. Kxa4 Kc6 36. Kb4 Bh5 37. Ka5 Bf3 38. Kb4 g5 39. fxg5 fxg5 40. Kc3 h5 41. Kd2 Be4 42. Nd1 Kd6 43. Ke2 Ke6 44. Ne3 Kf6 45. Kf2 g4 46. Kg3 Kg5 47. h4+ gxh3 48. Kxh3 Kf4 49. Nd1 Bf3 50. Nc3 Ke3 51. Nb5 Be2 52. Nc3 Bg4+ 0-1

[Event "Catalunya-chT Gp2"]
[Site "Barcelona"]
[Date "2022.02.05"]
[Round "3.6"]
[White "Pijuan Herranz, Manuel"]
[Black "Bru Rullo, Llatzer"]
[Result "1-0"]
[WhiteElo "2218"]
[BlackElo "2255"]
[PlyCount "91"]
[EventDate "2022.01.22"]
[EventType "team-tourn"]
[EventRounds "9"]
[EventCountry "ESP"]
[SourceTitle "CBM 206 Extra"]
[Source "ChessBase"]
[SourceDate "2022.03.31"]
[SourceVersion "1"]
[SourceVersionDate "2022.03.31"]
[SourceQuality "1"]
[WhiteTeam "Figueres"]
[BlackTeam "Cerdanyola Valles"]
[WhiteTeamCountry "ESP"]
[BlackTeamCountry "ESP"]

1. d4 Nf6 2. Nf3 b6 3. g3 Bb7 4. Bg2 e6 5. 0-0 c5 6. c4 cxd4 7. Qxd4 Be7 8. Nc3 d6 9. Rd1 a6 10. Be3 Nbd7 11. b4 0-0 12. a4 Rc8 13. Nd2 Bxg2 14. Kxg2 Qc7 15. Rac1 Rfd8 16. f3 Ne5 17. Qxb6 Nxc4 18. Nxc4 Qxc4 19. Kf2 Nd7 20. Qa5 Qb3 21. Ne4 d5 22. Nc5 Bxc5 23. Bxc5 Nxc5 24. bxc5 Qb7 25. Rd4 Qb2 26. Qc3 Qxc3 27. Rxc3 Rc6 28. e4 Kf8 29. exd5 exd5 30. Ke3 a5 31. Rh4 h6 32. Kd4 g5 33. Rh5 Kg7 34. f4 f6 35. g4 Rc7 36. f5 Re7 37. c6 Re4+ 38. Kc5 d4 39. Rch3 Rh8 40. c7 Ree8 41. Kd6 Rc8 42. Kd7 Rcf8 43. Rb3 Rf7+ 44. Kd6 Rc8 45. Rb7 Rff8 46. Rh3 1-0

[Event "Catalunya-chT Gp2"]
[Site "Barcelona"]
[Date "2020.02.22"]
[Round "6.7"]
[White "Pijuan Herranz, Manuel"]
[Black "Bautista Sanchez, Joan"]
[Result "1/2-1/2"]
[WhiteElo "2221"]
[BlackElo "2097"]
[PlyCount "35"]
[EventDate "2020.01.18"]
[EventType "team-tourn"]
[EventRounds "7"]
[EventCountry "ESP"]
[SourceTitle "CBM 195 Extra"]
[Source "ChessBase"]
[SourceDate "2020.05.31"]
[SourceVersion "1"]
[SourceVersionDate "2020.05.31"]
[SourceQuality "1"]
[WhiteTeam "Figueres"]
[BlackTeam "Sant Andreu"]
[WhiteTeamCountry "ESP"]
[BlackTeamCountry "ESP"]

1. d4 c6 2. c4 Nf6 3. Nf3 g6 4. g3 Bg7 5. Bg2 0-0 6. 0-0 d5 7. Nc3 dxc4 8. Qa4 b5 9. Qc2 Nd5 10. a4 Bb7 11. Ne5 a6 12. Ne4 Nd7 13. Nxd7 Qxd7 14. Rd1 e6 15. b3 cxb3 16. Qxb3 b4 17. Nc5 Qe7 18. Bb2 1/2-1/2

[Event "Catalunya-chT Gp1"]
[Site "Barcelona"]
[Date "2018.01.27"]
[Round "2.5"]
[White "Lorenzo de la Riva, Lazaro"]
[Black "Pijuan Herranz, Manuel"]
[Result "1-0"]
[WhiteElo "2396"]
[BlackElo "2222"]
[PlyCount "36"]
[EventDate "2018.01.20"]
[EventType "team-tourn"]
[EventRounds "7"]
[EventCountry "ESP"]
[SourceTitle "CBM 182 Extra"]
[Source "ChessBase"]
[SourceDate "2018.02.23"]
[SourceVersion "1"]
[SourceVersionDate "2018.02.23"]
[SourceQuality "1"]
[WhiteTeam "Colon Sabadell"]
[BlackTeam "Figueres"]
[WhiteTeamCountry "ESP"]
[BlackTeamCountry "ESP"]

1. e4 e5 2. Nf3 Nc6 3. Bb5 Bc5 4. 0-0 Nd4 5. Nxd4 Bxd4 6. c3 Bb6 7. d4 c6 8. Ba4 d6 9. Na3 Nf6 10. Bg5 h6 11. Bxf6 Qxf6 12. d5 Bd7 13. Nc4 Bc7 14. dxc6 bxc6 15. Re1 0-0 16. Ne3 Rab8 17. b4 a5 18. a3 Rb6 1-0

[Event "Catalunya-chT GpB final"]
[Site "Barcelona"]
[Date "2017.03.25"]
[Round "3.7"]
[White "Pijuan Herranz, Manuel"]
[Black "Garrido Fernandez, Daniel"]
[Result "0-1"]
[WhiteElo "2202"]
[BlackElo "2205"]
[PlyCount "74"]
[EventDate "2017.03.11"]
[EventType "team-tourn"]
[EventRounds "11"]
[EventCountry "ESP"]
[SourceTitle "CBM 177 Extra"]
[Source "ChessBase"]
[SourceDate "2017.04.27"]
[SourceVersion "1"]
[SourceVersionDate "2017.04.27"]
[SourceQuality "1"]
[WhiteTeam "Figueres"]
[BlackTeam "Foment Martinenc"]
[WhiteTeamCountry "ESP"]
[BlackTeamCountry "ESP"]

1. d4 f5 2. g3 Nf6 3. Bg2 g6 4. b3 Bg7 5. Bb2 e6 6. Nh3 d6 7. 0-0 0-0 8. c4 c6 9. Nf4 Qc7 10. Nd3 Re8 11. Nc3 e5 12. dxe5 dxe5 13. e4 Na6 14. Qc2 f4 15. Na4 g5 16. Rfe1 Bd7 17. b4 Rad8 18. Rac1 Bc8 19. Qb3 Nb8 20. b5 b6 21. c5+ Be6 22. cxb6 axb6 23. Qc2 c5 24. Bxe5 Qd7 25. Red1 Qxb5 26. gxf4 c4 27. Ndb2 Nc6 28. Rxd8 Rxd8 29. Bc7 Nd4 30. Qd1 Bg4 31. Qf1 Be2 32. Qe1 gxf4 33. e5 Qd7 34. Bxd8 f3 35. h3 fxg2 36. Rc3 Nd5 37. Kh2 Nxc3 0-1

[Event "Catalunya-chT Gp1"]
[Site "Barcelona"]
[Date "2017.02.04"]
[Round "3.8"]
[White "Pijuan Herranz, Manuel"]
[Black "Travesset Ribera, Joaquin"]
[Result "1-0"]
[WhiteElo "2202"]
[BlackElo "2165"]
[PlyCount "75"]
[EventDate "2017.01.21"]
[EventType "team-tourn"]
[EventRounds "7"]
[EventCountry "ESP"]
[SourceTitle "CBM 176 Extra"]
[Source "ChessBase"]
[SourceDate "2017.03.02"]
[SourceVersion "1"]
[SourceVersionDate "2017.03.02"]
[SourceQuality "1"]
[WhiteTeam "Figueres"]
[BlackTeam "Sant Andreu"]
[WhiteTeamCountry "ESP"]
[BlackTeamCountry "ESP"]

1. d4 d6 2. Nf3 Bg4 3. c4 Nf6 4. Qb3 Qc8 5. Nc3 g6 6. h3 Bxf3 7. exf3 Bg7 8. Be3 0-0 9. Be2 e5 10. 0-0 Ng4 11. fxg4 exd4 12. Nd5 Re8 13. Bg5 Rxe2 14. Ne7+ Rxe7 15. Bxe7 Nc6 16. Rae1 Qd7 17. Bg5 h6 18. Bd2 b6 19. Re4 Kh7 20. Rfe1 Bf6 21. Qf3 Be5 22. b4 Rf8 23. b5 Nd8 24. Qd3 Ne6 25. Bb4 Rg8 26. Rxe5 dxe5 27. Rxe5 c5 28. bxc6 Qxc6 29. Bd2 Rc8 30. Rh5 Qxc4 31. Rxh6+ Kg7 32. Qf3 Qc6 33. Qg3 Qd5 34. Qh4 g5 35. Qh5 Rc7 36. h4 Qe4 37. Bxg5 Rc5 38. Bf6+ 1-0

[Event "Catalunya-chT Gp1"]
[Site "Barcelona"]
[Date "2015.03.07"]
[Round "7.3"]
[White "Pijuan Herranz, Manuel"]
[Black "Asensio Linan, Teodoro"]
[Result "1/2-1/2"]
[WhiteElo "2240"]
[BlackElo "2145"]
[PlyCount "20"]
[EventDate "2015.01.24"]
[EventType "team-tourn"]
[EventRounds "7"]
[EventCountry "ESP"]
[SourceTitle "EXT 2016"]
[Source "ChessBase"]
[SourceDate "2015.10.08"]
[SourceVersion "1"]
[SourceVersionDate "2015.10.08"]
[SourceQuality "1"]
[WhiteTeam "Figueres"]
[BlackTeam "Montcada"]
[WhiteTeamCountry "ESP"]
[BlackTeamCountry "ESP"]

1. d4 d5 2. Nf3 e6 3. c4 Nf6 4. g3 Bb4+ 5. Bd2 Be7 6. Bg2 Ne4 7. 0-0 0-0 8. Ne5 c6 9. Qb3 Nxd2 10. Nxd2 Bf6 1/2-1/2

[Event "Catalunya-chT Gp1"]
[Site "Barcelona"]
[Date "2015.02.21"]
[Round "5.4"]
[White "Llaneza Vega, Patricia"]
[Black "Pijuan Herranz, Manuel"]
[Result "1/2-1/2"]
[WhiteElo "2191"]
[BlackElo "2240"]
[PlyCount "71"]
[EventDate "2015.01.24"]
[EventType "team-tourn"]
[EventRounds "7"]
[EventCountry "ESP"]
[SourceTitle "EXT 2016"]
[Source "ChessBase"]
[SourceDate "2015.10.08"]
[SourceVersion "1"]
[SourceVersionDate "2015.10.08"]
[SourceQuality "1"]
[WhiteTeam "Foment Martinenc"]
[BlackTeam "Figueres"]
[WhiteTeamCountry "ESP"]
[BlackTeamCountry "ESP"]

1. e4 e5 2. Nc3 Nf6 3. g3 Nc6 4. Bg2 Bc5 5. Nge2 a6 6. 0-0 d6 7. d3 Be6 8. Nd5 Qd7 9. c3 Ne7 10. d4 Ba7 11. c4 Nexd5 12. exd5 Bh3 13. Qb3 Bxg2 14. Kxg2 exd4 15. Qxb7 0-0 16. Qb3 Ng4 17. Nf4 Ne5 18. Nd3 Rab8 19. Nxe5 dxe5 20. Qf3 f5 21. b3 e4 22. Qf4 c6 23. Ba3 c5 24. Rfe1 Rbe8 25. b4 Qa4 26. Qc7 Qxa3 27. Qxa7 Qf3+ 28. Kg1 f4 29. Qxc5 fxg3 30. fxg3 Qf2+ 31. Kh1 Rc8 32. Qe7 Qf3+ 33. Kg1 Rce8 34. Qc5 Qf2+ 35. Kh1 Qf3+ 36. Kg1 1/2-1/2

[Event "Catalunya-chT"]
[Site "Catalunya"]
[Date "2014.02.15"]
[Round "4.1"]
[White "Pijuan Herranz, Manuel"]
[Black "Soler Rionegro, Andres"]
[Result "1-0"]
[WhiteElo "2240"]
[BlackElo "1946"]
[PlyCount "55"]
[EventDate "2014.01.25"]
[EventType "team"]
[EventRounds "11"]
[EventCountry "ESP"]
[SourceTitle "EXT 2015"]
[Source "ChessBase"]
[SourceDate "2014.11.20"]
[SourceVersion "1"]
[SourceVersionDate "2014.11.20"]
[SourceQuality "1"]
[WhiteTeam "Figueres"]
[BlackTeam "Montcada"]
[WhiteTeamCountry "ESP"]
[BlackTeamCountry "ESP"]

1. d4 Nf6 2. Nf3 g6 3. g3 Bg7 4. Bg2 c6 5. 0-0 d5 6. c4 0-0 7. b3 Bg4 8. Nc3 Bxf3 9. Bxf3 e6 10. Bf4 Re8 11. Qd2 Nbd7 12. Rad1 Nb6 13. Qd3 Nfd7 14. c5 Nc8 15. e4 Ne7 16. b4 h6 17. e5 b6 18. h4 Kh7 19. Kg2 Ng8 20. Rh1 Ne7 21. g4 b5 22. a4 a6 23. Ra1 Qc7 24. Ra3 Ra7 25. Qc2 Rea8 26. Rha1 Qb8 27. Qa2 bxa4 28. Rxa4 1-0

[Event "Catalunya-chT"]
[Site "Catalunya"]
[Date "2014.02.01"]
[Round "2.2"]
[White "Pijuan Herranz, Manuel"]
[Black "Perez Manas, Benjamin"]
[Result "0-1"]
[WhiteElo "2240"]
[BlackElo "2290"]
[PlyCount "42"]
[EventDate "2014.01.25"]
[EventType "team"]
[EventRounds "11"]
[EventCountry "ESP"]
[SourceTitle "CBM 158 Extra"]
[Source "ChessBase"]
[SourceDate "2014.02.28"]
[SourceVersion "1"]
[SourceVersionDate "2014.02.28"]
[SourceQuality "1"]
[WhiteTeam "Figueres"]
[BlackTeam "Barbera"]
[WhiteTeamCountry "ESP"]
[BlackTeamCountry "ESP"]

1. d4 d5 2. Nf3 Nc6 3. c3 Bg4 4. Qb3 Rb8 5. Bf4 e6 6. Nbd2 Bd6 7. Ne5 Bxe5 8. dxe5 Nge7 9. h3 Bh5 10. g4 Bg6 11. Bg2 b5 12. Bg3 0-0 13. 0-0 b4 14. Rac1 Rb6 15. e4 dxe4 16. Nxe4 bxc3 17. Qxc3 Nd5 18. Qa3 Nd4 19. Rfe1 Nb4 20. Rcd1 Nbc2 21. Qc3 Ne2+ 0-1

[Event "Catalunya-chT Honor"]
[Site "Catalunya"]
[Date "2013.04.13"]
[Round "11.4"]
[White "Hernando Rodrigo, Julio Antonio"]
[Black "Pijuan Herranz, Manuel"]
[Result "1/2-1/2"]
[WhiteElo "2311"]
[BlackElo "2261"]
[PlyCount "36"]
[EventDate "2013.01.19"]
[EventType "team-tourn"]
[EventRounds "11"]
[EventCountry "ESP"]
[SourceTitle "EXT 2014"]
[Source "ChessBase"]
[SourceDate "2013.11.20"]
[SourceVersion "1"]
[SourceVersionDate "2013.11.20"]
[SourceQuality "1"]
[WhiteTeam "Cerdanyola Valles"]
[BlackTeam "Figueres"]
[WhiteTeamCountry "ESP"]
[BlackTeamCountry "ESP"]

1. d4 d5 2. c4 e6 3. Nf3 Nf6 4. g3 dxc4 5. Bg2 Nc6 6. 0-0 Rb8 7. Nc3 a6 8. e4 Be7 9. d5 exd5 10. e5 Ne4 11. Nxd5 Be6 12. Nxe7 Qxd1 13. Rxd1 Kxe7 14. Be3 h6 15. Nd4 Nxd4 16. Bxd4 f5 17. f3 Ng5 18. h4 Nh7 1/2-1/2

[Event "Catalunya-chT Honor"]
[Site "Catalunya"]
[Date "2013.04.06"]
[Round "10.3"]
[White "Alonso Moyano, Jonathan"]
[Black "Pijuan Herranz, Manuel"]
[Result "1-0"]
[WhiteElo "2409"]
[BlackElo "2261"]
[PlyCount "115"]
[EventDate "2013.01.19"]
[EventType "team-tourn"]
[EventRounds "11"]
[EventCountry "ESP"]
[SourceTitle "EXT 2014"]
[Source "ChessBase"]
[SourceDate "2013.11.20"]
[SourceVersion "1"]
[SourceVersionDate "2013.11.20"]
[SourceQuality "1"]
[WhiteTeam "Barbera"]
[BlackTeam "Figueres"]
[WhiteTeamCountry "ESP"]
[BlackTeamCountry "ESP"]

1. e4 e5 2. Nf3 Nc6 3. d4 exd4 4. Nxd4 Bb4+ 5. c3 Bc5 6. Be3 Bb6 7. Qg4 Qf6 8. Qg3 Qg6 9. Nd2 Nf6 10. f4 d5 11. e5 Qxg3+ 12. hxg3 Ng4 13. Bg1 Nxd4 14. cxd4 Bf5 15. 0-0-0 h5 16. Nb3 g6 17. Bd3 Nh6 18. Kd2 0-0-0 19. Bf2 c6 20. Bxf5+ Nxf5 21. Ke2 g5 22. fxg5 Rdg8 23. Kf3 Rxg5 24. Nc1 f6 25. exf6 Rf8 26. Ne2 Rxf6 27. Nf4 Bc7 28. Rh3 Nd6 29. Rdh1 Ne4 30. Be1 Rgf5 31. Rxh5 Ng5+ 32. Kg4 Bxf4 33. Rf1 Nf7 34. gxf4 Nd6 35. Rxf5 Nxf5 36. Kg5 Rf7 37. Kg6 Nd6 38. Bb4 Rd7 39. Bxd6 Rxd6+ 40. Kh5 Rd8 41. g4 Rh8+ 42. Kg5 Rg8+ 43. Kh4 Rh8+ 44. Kg3 Kd7 45. Re1 b6 46. f5 c5 47. g5 Rh5 48. Kg4 Rh2 49. f6 Rf2 50. Re5 cxd4 51. Rxd5+ Ke6 52. Rxd4 Rg2+ 53. Kh5 Kf5 54. Rd5+ Ke6 55. Rd1 Kf7 56. Rd7+ Ke6 57. f7 Rf2 58. Rxa7 1-0

[Event "Catalunya-chT Honor"]
[Site "Catalunya"]
[Date "2013.02.16"]
[Round "5.5"]
[White "Sanchez Ibern, Marc"]
[Black "Pijuan Herranz, Manuel"]
[Result "1-0"]
[WhiteElo "2356"]
[BlackElo "2261"]
[PlyCount "111"]
[EventDate "2013.01.19"]
[EventType "team-tourn"]
[EventRounds "11"]
[EventCountry "ESP"]
[SourceTitle "EXT 2014"]
[Source "ChessBase"]
[SourceDate "2013.11.20"]
[SourceVersion "1"]
[SourceVersionDate "2013.11.20"]
[SourceQuality "1"]
[WhiteTeam "Foment Martinenc"]
[BlackTeam "Figueres"]
[WhiteTeamCountry "ESP"]
[BlackTeamCountry "ESP"]

1. e4 e5 2. Nf3 Nc6 3. d4 exd4 4. Nxd4 Bb4+ 5. c3 Bc5 6. Be3 Bb6 7. Qg4 Nf6 8. Qxg7 Rg8 9. Qh6 Rg6 10. Qf4 Bxd4 11. cxd4 Nb4 12. Qe5+ Qe7 13. Qxe7+ Kxe7 14. e5 Nfd5 15. Kd2 d6 16. Nc3 Bf5 17. a3 Nxc3 18. bxc3 Nc2 19. Ra2 Nxe3 20. exd6+ cxd6 21. Kxe3 Rc8 22. Kd2 d5 23. Rb2 b6 24. f3 Rc7 25. g4 Bc8 26. Bd3 f5 27. Re1+ Kd6 28. Re5 Rh6 29. Rb5 Rxh2+ 30. Be2 fxg4 31. Rbxd5+ Kc6 32. Rh5 gxf3 33. Rxh2 Kxd5 34. Bxf3+ Kc4 35. Be4 Kb3 36. Bc2+ Kb2 37. Rh1 Rg7 38. Be4 Rg4 39. Rb1+ Ka2 40. Re1 Rh4 41. a4 Kb3 42. a5 bxa5 43. Rb1+ Ka2 44. Rb8 Rh2+ 45. Kc1 Ba6 46. d5 Rh3 47. Kd2 Rh2+ 48. Ke3 Rh6 49. Kd4 Rb6 50. Ra8 Kb2 51. Rxa7 a4 52. Kc5 Rh6 53. d6 Rh5+ 54. Bd5 Bb5 55. Rb7 Kxc3 56. Rxb5 1-0

[Event "Catalunya-chT"]
[Site "Catalunya"]
[Date "2012.03.10"]
[Round "7.6"]
[White "Pijuan Herranz, Manuel"]
[Black "Coll Ortega, Jordi"]
[Result "1-0"]
[WhiteElo "2260"]
[BlackElo "2302"]
[PlyCount "91"]
[EventDate "2012.01.28"]
[EventType "team-tourn"]
[EventRounds "11"]
[EventCountry "ESP"]
[SourceTitle "EXT 2013"]
[Source "ChessBase"]
[SourceDate "2012.11.22"]
[SourceVersion "1"]
[SourceVersionDate "2012.11.22"]
[SourceQuality "1"]
[WhiteTeam "Figueres"]
[BlackTeam "Lleida"]
[WhiteTeamCountry "ESP"]
[BlackTeamCountry "ESP"]

1. d4 Nf6 2. Nf3 e6 3. c4 c5 4. g3 cxd4 5. Nxd4 Nc6 6. Bg2 a6 7. 0-0 Be7 8. Nc3 0-0 9. b3 Qc7 10. Bb2 d6 11. Rc1 Ne5 12. Qd2 Bd7 13. f4 Ng6 14. Kh1 Rac8 15. a4 Rfe8 16. e3 Qb8 17. Qe2 Bc6 18. e4 Bd8 19. b4 Bd7 20. Nb3 b6 21. b5 a5 22. Rfd1 Be7 23. Ba3 Qc7 24. Bf1 Red8 25. Nd4 e5 26. Nd5 Qb7 27. fxe5 Bg4 28. Nxf6+ Bxf6 29. Qxg4 Nxe5 30. Qf4 h6 31. h4 Ng6 32. Qf5 Be5 33. Qf3 Re8 34. Nf5 Rcd8 35. Nxd6 Bxd6 36. Rxd6 Ne5 37. Qe2 Rc8 38. Bh3 Rc7 39. Rd5 f6 40. c5 bxc5 41. Rdxc5 Rxc5 42. Rxc5 Rd8 43. Rd5 Rxd5 44. Be6+ Kh7 45. exd5 Qb6 46. Qc2+ 1-0

[Event "Catalunya-chT"]
[Site "Catalunya"]
[Date "2012.02.11"]
[Round "3.7"]
[White "Rodriguez Vargas, Orestes"]
[Black "Pijuan Herranz, Manuel"]
[Result "1/2-1/2"]
[WhiteElo "2403"]
[BlackElo "2260"]
[PlyCount "102"]
[EventDate "2012.01.28"]
[EventType "team-tourn"]
[EventRounds "11"]
[EventCountry "ESP"]
[SourceTitle "EXT 2013"]
[Source "ChessBase"]
[SourceDate "2012.11.22"]
[SourceVersion "1"]
[SourceVersionDate "2012.11.22"]
[SourceQuality "1"]
[WhiteTeam "Barcelona Uga"]
[BlackTeam "Figueres"]
[WhiteTeamCountry "ESP"]
[BlackTeamCountry "ESP"]

1. c4 e6 2. Nf3 d5 3. d4 Nf6 4. Nc3 Nbd7 5. Bg5 Bb4 6. cxd5 exd5 7. e3 c5 8. Bd3 Qa5 9. Qc2 c4 10. Bf5 0-0 11. 0-0 Re8 12. Bh4 g6 13. Bh3 Bxc3 14. bxc3 Ne4 15. Rac1 Nb6 16. Bxc8 Raxc8 17. Nd2 Rc6 18. f3 Nxd2 19. Qxd2 Rce6 20. Rfe1 f5 21. h3 Qa3 22. g4 fxg4 23. hxg4 Na4 24. Rc2 Qf8 25. Kg2 b5 26. Bg3 Qe7 27. Be5 Nc5 28. dxc5 Rxe5 29. f4 Rxe3 30. Rxe3 Qxe3 31. Qxd5+ Kg7 32. Rf2 Qe6 33. Qxe6 Rxe6 34. Rb2 a6 35. a4 bxa4 36. Ra2 Rc6 37. Rxa4 Kf6 38. Kf3 h5 39. gxh5 gxh5 40. Ke4 Rxc5 41. Rxa6+ Kg7 42. f5 Rc8 43. Rg6+ Kf7 44. Rh6 Rd8 45. Rxh5 Rd3 46. Ke5 Rxc3 47. Rh7+ Kg8 48. Rc7 Rc1 49. Kf6 c3 50. Rc8+ Kh7 51. Kf7 Ra1 1/2-1/2

[Event "Catalunya-chT"]
[Site "Catalunya"]
[Date "2012.02.04"]
[Round "2.8"]
[White "Sadrija, Enver"]
[Black "Pijuan Herranz, Manuel"]
[Result "0-1"]
[WhiteElo "2196"]
[BlackElo "2260"]
[PlyCount "76"]
[EventDate "2012.01.28"]
[EventType "team-tourn"]
[EventRounds "11"]
[EventCountry "ESP"]
[SourceTitle "EXT 2013"]
[Source "ChessBase"]
[SourceDate "2012.11.22"]
[SourceVersion "1"]
[SourceVersionDate "2012.11.22"]
[SourceQuality "1"]
[WhiteTeam "Terrassa"]
[BlackTeam "Figueres"]
[WhiteTeamCountry "ESP"]
[BlackTeamCountry "ESP"]

1. e4 e5 2. Nf3 Nc6 3. d4 exd4 4. Nxd4 Bb4+ 5. c3 Bc5 6. Be3 Bb6 7. Be2 Nf6 8. Nd2 0-0 9. 0-0 Re8 10. Qc2 d5 11. Nxc6 bxc6 12. Bxb6 axb6 13. Bf3 Bg4 14. exd5 Bxf3 15. Nxf3 Nxd5 16. a3 Nf4 17. Rad1 Qf6 18. Rfe1 g6 19. g3 Ne6 20. Kg2 Kg7 21. Re4 Qf5 22. Rd2 g5 23. Rde2 Nf4+ 24. Rxf4 Qxc2 25. Rxf7+ Kxf7 26. Rxc2 Kf6 27. Nd4 c5 28. Nb5 Re7 29. c4 Rd8 30. Nc3 c6 31. b4 cxb4 32. axb4 Rd4 33. Na4 Rb7 34. c5 Rxb4 35. Nxb6 Ra7 36. Rd2 Re7 37. Nd7+ Kf5 38. h3 h5 0-1

[Event "Burgos Intercajas"]
[Site "Burgos"]
[Date "2011.10.25"]
[Round "3.1"]
[White "Pijuan Herranz, Manuel"]
[Black "Fuentes Blazquez, Isidro"]
[Result "1-0"]
[WhiteElo "2208"]
[BlackElo "2027"]
[PlyCount "61"]
[EventDate "2011.10.23"]
[EventType "swiss"]
[EventRounds "6"]
[EventCountry "ESP"]
[SourceTitle "EXT 2024"]
[Source "ChessBase"]
[SourceDate "2023.10.10"]
[SourceVersion "1"]
[SourceVersionDate "2023.10.10"]
[SourceQuality "1"]
[WhiteTeam "Caja Mediterano"]
[BlackTeam "Castilla La Mancha"]
[WhiteTeamCountry "ESP"]
[BlackTeamCountry "ESP"]

1. d4 Nf6 2. Nf3 g6 3. g3 Bg7 4. Bg2 0-0 5. c4 d5 6. cxd5 Nxd5 7. 0-0 e6 8. e4 Nf6 9. Nc3 Bd7 10. Qc2 Bc6 11. Rd1 Re8 12. b4 a6 13. a4 b6 14. Bf4 Bb7 15. Rac1 c6 16. Qd2 Bf8 17. Bg5 Bxb4 18. e5 Bxc3 19. Rxc3 Ne4 20. Qf4 Nxg5 21. Nxg5 Qe7 22. g4 Kg7 23. Rf3 Rf8 24. Nxh7 Nd7 25. Nxf8 Rxf8 26. Rh3 Rh8 27. Rxh8 Kxh8 28. Rd3 Qf8 29. Rh3+ Kg8 30. Be4 Qg7 31. Qc1 1-0

[Event "ESP-chT CECLUB Norte Div 1"]
[Site "Sabadell"]
[Date "2007.08.16"]
[Round "2"]
[White "Oms Fuentes, Lluis"]
[Black "Pijuan Herranz, Manuel"]
[Result "1-0"]
[WhiteElo "2336"]
[BlackElo "2254"]
[PlyCount "53"]
[EventDate "2007.08.15"]
[EventType "team"]
[EventRounds "6"]
[EventCountry "ESP"]
[SourceTitle "CBM 119 Extra"]
[Source "ChessBase"]
[SourceDate "2007.09.04"]
[SourceVersion "1"]
[SourceVersionDate "2007.09.04"]
[SourceQuality "1"]

1. e4 e5 2. Nf3 Nc6 3. d4 exd4 4. Nxd4 Bb4+ 5. c3 Bc5 6. Be3 Bb6 7. Bc4 Ne5 8. Be2 d5 9. f4 Ng6 10. e5 N8e7 11. 0-0 0-0 12. Qd2 Nf5 13. Nxf5 Bxf5 14. Bxb6 axb6 15. Na3 Be4 16. Bf3 f6 17. exf6 Rxf6 18. g3 Bxf3 19. Rxf3 c6 20. Re3 Ne7 21. Rae1 Nf5 22. Re5 Nd6 23. Qd4 b5 24. Re6 Ra4 25. Qe5 Re4 26. Rxe4 Nxe4 27. Re8+ 1-0